|
|
|
|
| LEADER |
00000nam a22000007a 4500 |
| 005 |
2021091008098.0 |
| 007 |
cr|||| |||| |
| 008 |
210910s2014 br |||||s|||| 00||0 por d |
| 020 |
|
|
|a 9000000053199
|
| 035 |
|
|
|a 35156
|
| 040 |
|
|
|a vLex
|
| 090 |
|
|
|c 12397
|d 12397
|
| 100 |
1 |
|
|a Treiger Grupenmacher, Betina
|
| 245 |
1 |
0 |
|a Tributaȯ̂: democracia e liberdade
|h [Recurso electrn̤ico] :
|b Em homenagem ̉Ministra Denise Martins Arruda /
|c Betina Treiger Grupenmacher, Ariane Bini De Oliveira, Nayara Tataren Sepulcri, Smith Barreni
|
| 256 |
|
|
|a Servicio en ln̕ea
|
| 260 |
|
|
|a San Pablo:
|b Editora Noeses,
|c 2014
|
| 300 |
|
|
|a 1 recurso electrn̤ico
|
| 500 |
|
|
|a H ̀n̕tima relaȯ̂ entre tributaȯ̂, democracia e liberdade. O estudo do vn̕culo existente entre os institutos em questô ̌objeto das reflexe̳s dos autores, os quais buscaram ̉luz do sistema constitucional brasileiro, em sua acepȯ̂ mais abrangente - tanto no que concerne aos princp̕ios e regras constitucionais, como no concernente aos tributos in specie -, apresentar suas construė̳s e concluse̳s a props̤ito do tema, em contribuiȯ̂ ̉evoluȯ̂ de ideias relativas ̉justiȧ fiscal e ̉justiȧ social a partir d tributaȯ̂.
|
| 506 |
1 |
|
|a Disponible solo en los productos indicados
|d vLex Global
|d vLex Global (Academic Edition, excluding Law Schools)
|d vLex Global (U.S. Academic Edition, Law Schools)
|d vLex Global (U.S. Academic Edition, excluding Law Schools)
|d vLex Global (Academic Edition, Law Schools)
|
| 650 |
0 |
4 |
|a Derecho Tributario
|z Brasil
|
| 700 |
1 |
|
|a De Oliveira, Ariane Bini
|
| 700 |
1 |
|
|a Tataren Sepulcri, Nayara
|
| 700 |
1 |
|
|a Barreni, Smith
|
| 740 |
0 |
|
|a vLex Libros (Servicio en ln̕ea)
|
| 856 |
4 |
0 |
|u https://app.vlex.com/#/sources/35156
|z Acceso restringido
|
| 942 |
|
|
|c BOOK
|
| 999 |
0 |
|
|a Tax Law
|